[Event "FICGS class C 000165 email"]
[Site "FICGS email"]
[Date "2010.12.22"]
[Round "1"]
[White "Krakovsky, Peter"]
[Black "Ang, David"]
[Result "1-0"]
[WhiteElo "1654"]
[BlackElo "1800"]
[PlyCount "21"]
[EventDate "2010.??.??"]
[EventType "tourn (corr)"]
[EventRounds "6"]
[SourceTitle "Corr 2013"]
[Source "ChessBase"]
[SourceDate "2012.11.12"]
[SourceVersion "1"]
[SourceVersionDate "2012.11.12"]
[SourceQuality "1"]

1. e4 c5 2. Nf3 d6 3. d4 cxd4 4. Nxd4 Nf6 5. Nc3 a6 6. Be3 Ng4 7. Bg5 h6 8. Bh4 g5 9. Bg3 Bg7 10. h3 Ne5 11. Nf5 1-0

[Event "FICGS class B 000132 email"]
[Site "FICGS email"]
[Date "2010.12.21"]
[Round "1"]
[White "Ang, David"]
[Black "Migliorini, Roberto"]
[Result "0-1"]
[WhiteElo "1800"]
[BlackElo "1895"]
[PlyCount "20"]
[EventDate "2010.??.??"]
[EventType "tourn (corr)"]
[EventRounds "6"]
[SourceTitle "Corr 2013"]
[Source "ChessBase"]
[SourceDate "2012.11.12"]
[SourceVersion "1"]
[SourceVersionDate "2012.11.12"]
[SourceQuality "1"]

1. e4 e6 2. d3 d5 3. Nd2 Nf6 4. Ngf3 b6 5. g3 dxe4 6. dxe4 Bb7 7. Bd3 Nbd7 8. 0-0 Nc5 9. Qe2 Nxd3 10. cxd3 Be7 0-1